Statistics for AFL Team nicknames

Click here to take the quiz!

General Stats

  • This quiz has been taken 1,997 times
    (304 since last reset)
  • The average score is 70 of 106

Answer Stats

Team League Nickname % Correct
AdelaideAFLCrows
98%
BrisbaneAFL/NEAFLLions
91%
Box HillVFLHawks
89%
ClaremontWAFLTigers
89%
CarltonAFLBlues
88%
University (ex-club)AFL & VAFABlues/Blacks
88%
Western Bulldogs/FootscrayAFLBulldogs
87%
PalmerstonNTFLEagles
87%
Port AdelaideAFLPower
87%
BalmainNSWAFLDockers
86%
Central DistrictSANFLBulldogs
86%
BelconnenNEAFLMagpies
85%
BroadbeachNEAFLCats
85%
St KildaAFLSaints
84%
ClarenceTANFLKangaroos
84%
EastlakeNEAFLDemons
84%
EssendonAFLBombers
83%
Sydney/South MelbourneAFL/NEAFLSwans/Bloods
83%
Bendigo (pre 2012)VFLBombers/Diggers
83%
Greater Western SydneyAFL/NEAFLGiants
82%
Gold CoastAFL/NEAFLSuns
81%
Pennant HillsNSWAFLDemons
80%
Swan DistrictsWAFLSwans
80%
BurleighSEQAFLBombers
78%
Brisbane (pre merge)AFLBears
58%
Maroochy-North ShoreSEQAFLRoos
46%
Northern TerritoryNEAFLThunder
44%
East FremantleWAFLSharks
38%
WilliamstownVFLSeagulls
30%
St GeorgeNSWAFLDragons
29%
FrankstonVFLDolphins
27%
North AdelaideSANFLRoosters
27%
MorningsideNEAFLPanthers
26%
NorwoodSANFLRedlegs
23%
West AdelaideSANFLBloods
21%
SandringhamVFLZebras
20%
CaseyVFLScorpions
19%
West PerthWAFLFalcons
19%
SturtSANFLDouble Blues
19%
East PerthWAFLRoyals
17%
Northern Blues (pre 2012)VFLBullants
16%
AspleyNEAFLHornets
15%
BendigoVFLGold
12%
Sydney UniversityNSWAFLStudents
10%
Southern DistrictsNTFLCrocs
7%
Wilston GranceSEQAFLGorillas
6%
Old ScotchVAFACardinals
5%
DarwinNTFLBuffaloes
5%
Mount GravattNEAFLVultures
5%
AinsleyNEAFLTri-Colours
4%
Port MelbourneVFLBouroughs
3%
SpringwoodSEQAFLPumas
3%

Score Distribution

Percentile by Number Answered

Percent of People with Each Score

Your Score History

You have not taken this quiz since the last reset